书目信息 |
| 题名: |
农用电动机修理
|
|
| 作者: | ;开封市第三电机厂 编 | |
| 分册: | ||
| 出版信息: | 北京 机械工业出版社 1973 |
|
| 页数: | 186页 | |
| 开本: | 19cm | |
| 丛书名: | ||
| 单 册: | ||
| 中图分类: | TM340.7 , TM32 | |
| 科图分类: | ||
| 主题词: | 电动机--维修 , 电动机 | |
| 电子资源: | ||
| ISBN: | ||
| 000 | 00746nam2 2200265 45 | |
| 001 | 0177003202 | |
| 005 | 20040521112553.4 | |
| 010 | @dCNY0.40 | |
| 100 | @a19951010d1973 em y0chiy0121 ea | |
| 101 | 0 | @achi |
| 102 | @aCN@b110000 | |
| 105 | @af z 000yy | |
| 106 | @ar | |
| 200 | 10 | @a农用电动机修理@Anong yong dian dong ji xiu li@f开封市第三电机厂编 |
| 210 | @a北京@c机械工业出版社@d1973 | |
| 215 | @a186页@c插图@d19cm | |
| 300 | @a并附定子绕组实际嵌线展开图和接线图 | |
| 606 | @a电动机@x维修 | |
| 606 | 0 | @a电动机 |
| 690 | @aTM340.7@v3 | |
| 690 | @aTM32 | |
| 711 | 02 | @a开封市第三电机厂@Akai feng shi di san dian ji chang@4编 |
| 801 | 0 | @aCN@b广东省中山图书馆@c20040521 |
| 801 | 2 | @aCN@bNLC@c20040521 |
| 905 | @f1@b9196@dTM32@e4 | |
| 农用电动机修理/开封市第三电机厂编.-北京:机械工业出版社,1973 |
| 186页:插图;19cm |
| 并附定子绕组实际嵌线展开图和接线图 |
| ISBN :CNY0.40 |
| ● |
| 相关链接 |
|
|
|
|
正题名:农用电动机修理
索取号:TM32/4
 
预约/预借
| 序号 | 登录号 | 条形码 | 馆藏地/架位号 | 状态 | 备注 |
| 1 | 0009196 | 001344833 | 第二样本阅览室/ [索取号:TM32/4] | 在馆 |